000 00543nam a22001817a 4500
005 20240311171421.0
010 _aENG-139636
020 _a9789383779208
_c390.00
035 _aEN-123168
037 _bDBAD/PUB
082 _a921
100 _aWashington, Booker T.
_963071
245 _aUp from slavery:
_ban autobiography /
_cby Booker T. Washington
260 _aNoida
_bVrishti Books Cafe
_c2015
270 _aH-86 F, First Floor Sector-12,
_bNoida
_e201301
300 _a233p.
_c22cm(pbk)
942 _2ddc
_cEN
_mWAS
_h921
999 _c201385
_d201385